Historia general de Chile
Na minha lista:
| Autor principal: | |
|---|---|
| Formato: | Livro |
| Idioma: | espanhol |
| Publicado em: |
Santiago
Universitaria
2005
|
| Edição: | 2a. ed |
| Assuntos: | |
| Tags: |
Adicionar Tag
Sem tags, seja o primeiro a adicionar uma tag!
|
MARC
| LEADER | 00000nam a2200000 a 4500 | ||
|---|---|---|---|
| 001 | UCK8151 | ||
| 003 | CL-VaPUC | ||
| 008 | 060120e20050000CL |||||||||||||||||spa|d | ||
| 020 | |a 9561115322 | ||
| 020 | |a 9561117842v.12 | ||
| 020 | |a 9561117851v.13 | ||
| 020 | |a 956111786Xv.14 | ||
| 020 | |a 9561117878v.15 | ||
| 082 | 0 | 4 | |a 983 |b BAR |2 21 |
| 100 | 0 | |a Barros Arana, Diego Jacinto Agustín |e author |9 497928 | |
| 245 | 1 | 0 | |a Historia general de Chile |
| 250 | |a 2a. ed | ||
| 300 | |a v | ||
| 942 | |c BK | ||
| 945 | |d 20060120 00:00:00 |a jtorresc | ||
| 260 | |a Santiago |b Universitaria |c 2005 | ||
| 500 | |a v.12: Afianzamiento de la indepedencia, de 1817 a 1820 | ||
| 500 | |a v.13 -v.14 -v.15: Organización de la república 1820 - 1820 | ||
| 650 | 7 | |a HISTORIA DE CHILE 1535-1833 |2 CL-VaPUC |9 443679 | |
| 650 | 0 | |a Culturas indígenas |9 266389 | |
| 650 | 7 | |a DESCUBRIMIENTO Y CONQUISTA |2 CL-VaPUC |9 268482 | |
| 650 | 7 | |a COLONIA |2 CL-VaPUC |9 497929 | |
| 650 | 0 | |a Patria Vieja |9 380238 | |
| 650 | 0 | |a Independencia |9 344246 | |
| 650 | 7 | |a RECONQUISTA |2 CL-VaPUC |9 396400 | |
| 583 | |a last modification |c 20190729 02:10:15 |k Rodrigo Vera | ||
| 999 | |c 315932 |d 315930 | ||
| 952 | |0 0 |1 0 |4 0 |6 983_000000000000000_BAR_2005 |7 0 |8 A |9 389809 |a BIBING |b BIBING |d 2019-11-22 |h v.12 |i 4195582 |o 983 BAR 2005 |p 4195582 |r 2025-01-20 |w 2019-11-22 |y BK |k ING | ||
| 952 | |0 0 |1 0 |4 0 |6 983_000000000000000_BAR_2005 |7 0 |8 A |9 389810 |a BIBING |b BIBING |d 2019-11-22 |h v.13 |i 4195590 |o 983 BAR 2005 |p 4195590 |r 2025-01-20 |w 2019-11-22 |y BK |k ING | ||
| 952 | |0 0 |1 0 |4 0 |6 983_000000000000000_BAR_2005 |7 0 |8 A |9 389811 |a BIBING |b BIBING |d 2019-11-22 |h v.14 |i 4195604 |o 983 BAR 2005 |p 4195604 |r 2025-01-20 |w 2019-11-22 |y BK |k ING | ||
| 952 | |0 0 |1 0 |4 0 |6 983_000000000000000_BAR_2005 |7 0 |8 A |9 389812 |a BIBING |b BIBING |d 2019-11-22 |h v.15 |i 4195612 |o 983 BAR 2005 |p 4195612 |r 2025-01-20 |w 2019-11-22 |y BK |k ING | ||